Analysis of the sources of economic growth and TFP level in V4 countries and in Finland

Identifikácia hlavných zdrojov dlhodobého hospodárskeho rastu v krajinách V4 a vo Fínsku. Rozdiely v úrovni produktivity a jej vývoji v čase. Dekompozícia medzery produktivity na technologické zaostávanie a neefektívnosť. Analýza jednotlivých ekonomík V4 v porovnaní s ekonomikou Fínska. Rozdiely v z...

Full description

Saved in:
Bibliographic Details
Main Author: Kúšik, Róbert
Other Authors: Lábaj, Martin, 1982-
Format: Book Chapter
Language:Slovak
Subjects:
Tags: Add Tag
No Tags, Be the first to tag this record!

MARC

LEADER 00000naa a2200000 4500
001 0161826
005 20240502072815.7
041 0 |a slo 
044 |a SK 
245 1 0 |a Analysis of the sources of economic growth and TFP level in V4 countries and in Finland  |c Róbert Kúšik, Martin Lábaj 
520 |a Identifikácia hlavných zdrojov dlhodobého hospodárskeho rastu v krajinách V4 a vo Fínsku. Rozdiely v úrovni produktivity a jej vývoji v čase. Dekompozícia medzery produktivity na technologické zaostávanie a neefektívnosť. Analýza jednotlivých ekonomík V4 v porovnaní s ekonomikou Fínska. Rozdiely v zdrojoch rastu jednotlivých národných ekonomík, ako aj veľké rozdiely v produktivite a zároveň sa poukazuje na výrazné zaostávanie v efektívnosti, na rozdiel od tradičného dôrazu na technologické zaostávanie týchto krajín. 
610 2 0 |a rast hospodársky dlhodobý 
610 2 0 |a situácia hospodárska 
610 2 0 |a produktivita 
610 2 0 |a faktory výrobné 
610 2 0 |a efektívnosť 
610 2 0 |a zamestnanosť 
610 2 0 |a porovnanie medzinárodné 
610 2 0 |a Vyšehradská štvorka 
610 2 0 |a Fínsko 
100 1 |a Kúšik, Róbert 
700 1 |a Lábaj, Martin, 1982-